banner-ar

الرسالة البنوكية / (Record no. 51710)

MARC details
000 -الفاتح
حقل البيانات ثابتة الطول 00683nam a2200181Ia 4500
008 - عناصر البيانات ثابتة الطول - معلومات عامة
حقل البيانات ثابتة الطول 140319s9999 xx 000 0 ara d
040 ## - مصدر الفهرسة
وكالة الفهرسة الأصلية GCL /
وكالة النسخ GCL
082 04 - رقم تصنيف ديوى العشرى
رقم التصنيف 217
رقم المادة ا ر
100 1# - المدخل الرئيسى - إسم شخصى
الإسم الشخصى اشرف عبدالمقصود عبدالرحيم
245 10 - بيان العنوان
العنوان الرسالة البنوكية /
بيان المسئوليه,etc اشرف عبدالمقصود عبدالرحيم
700 1# - المدخل الاضافى - اسم شخصى
الإسم الشخصى ابن قيم الجوزية: شمس الدين ابو عبدالله محمد بن ابى بكر
260 ## - PUBLICATION, DISTRIBUTION, ETC. (IMPRINT)
تاريخ النشر أو التوزيع 1987
300 ## - الوصف المادى
التعداد 88ص
490 ## - بيان السلسلة
عنوان السلسلة زاد المهاجر الى ربه
رقم المجلد/ التعيين التسلسلي 0
650 04 - المدخل الاضافى بالموضوع-مصطلح موضوعى
مصطلح موضوعي الدعوة الاسلامية
942 ## - عناصر المدخل الإضافي( كوها)
مصدر التصنيف او مخطط الترفيف Dewey Decimal Classification
Koha [default] item type كتاب
260 ## - PUBLICATION, DISTRIBUTION, ETC. (IMPRINT)
-- [S.N] :
-- مكتبة الامام البخارى ،
Holdings
حالة التراجع حالة الفقد حالة تلف ليس للاعارة المكان المؤقت الموقع الحالى تاريخ الاكتساب اجمالي اﻻعارات رقم الطلب الباركود تاريخ اخر مشاهدة تاريخ تفعيل السعر نوع وعاء كوها
        مكتبة القاهرة الكبرى مكتبة القاهرة الكبرى 03/26/2014   217\ا ر 123743 03/26/2014 03/26/2014 كتاب

Powered By

EGPV